000 01461naa a22003497a 4500
001 BR8601969
003 BR-BrBNA
005 20250721154511.0
007 ta
008 250630b bl.|||m| |||| 00| 0 por d
040 _aBR-BrBNA
_bpor
_cBiblioteca Nacional de Agricultura
041 _a(Pt)
072 _aH20; F30
_b0220
_b4120
_bG514
090 _aH20 BR8601969
100 1 _aRibeiro, A.S.
100 1 _aPorto, M.P.
111 1 _a3. Reuniao Tecnica Anual da Beterraba Acucareira
_cPelotas, RS (Brazil)
_d8-10 Aug 1984
245 1 _aResistencia de cultivares de beterraba acucareira a mancha das folhas (Cercospora beticola Sacc.)
246 1 _a[Resistance of sugar beet cultivars to leaf spot (Cercospora beticola Sacc.)]
246 1 _a[Annals of the 3. Technical Yearly Meeting on Sugar Beet]
500 _aAnais da 3. Reuniao Tecnica Anual da Beterraba Acucareira Pelotas, RS (Brasil): 1985. p. 65-71 [1 table; 5 ref.] (BR8601969-AMS)
773 0 _tAnais da 3. Reuniao Tecnica Anual da Beterraba Acucareira
_wH20 BR8601969
_gPelotas, RS (Brasil), 1985. p. 65-71
650 _aDOENCA DE PLANTA
650 _aBETERRABA ACUCAREIRA
650 _aMANCHA FOLIAR
650 _aMELHORAMENTO GENETICO VEGETAL
650 _aRIO GRANDE DO SUL
650 _aSANTA CATARINA
490 _aDocumentos - Unidade de Execucao de Pesquisa de Ambito Estadual de Pelotas (Brazil)
_vno. 17
942 _cAMS
_2AGRIS
909 _a202506
_bLúcia
_c55
_dLúcia Elande
999 _c335165
_d335165